000 00534nam a2200205Ia 4500
003 IN-BaIIA
008 211028s9999 xx 000 0 eng d
020 _a0-534-37764-5
040 _cIIA Library
080 _a523
_bSEE
100 _aSeeds, Michael A
_912378
245 0 _aAstronomy
_bthe solar system and beyond
_cMichael A. Seeds
250 _a2nd ed.
260 _aAustralia
_bBrooks-Cole
_c2001
300 _axvi, 445p. +cd
650 _aAstronomy
_980
650 _aSolar system
650 _aUniverse
_91987
942 _cBK
999 _c14150
_d14150